000 01170cam a22002771 4500
001 2414
003 FISKH
005 20231205114107.0
008 790123s1945 nyua j 000 1 eng
010 _a 45035200
035 _a(OCoLC)35584985
040 _aDLC
_cOrP
_dFM
_dDLC
_beng
042 _apremarc
050 0 0 _aPZ7.S749
_bHu
100 1 _aSperry, Armstrong,
_d1897-1976.
245 1 0 _aHull-down for action /
_cby Armstrong Sperry, illustrated by the author.
260 _aNew York :
_bBookie Coach,
_c1945.
300 _a213 pages :
_billustrations ;
_c22 cm
505 _aZ
520 _aA vintage boys' book about four youngsters set adrift in the South Pacific by a German undercover agent who commandeered their boat during WW II. But they make landfall on Guadalcanal, cross the island in a series of hair-raising escapades & finally gaze out on a hidden lagoon where the beautiful brigg that was taken from them, the Island Queen, lies anchored.
521 8 _a900
_bLexile estimate
521 8 _aZ
_bRaz-Plus
650 _aHull-down
_vJuvenile literature
906 _a7
_bcbc
_coclcrpl
_du
_encip
_f19
_gy-gencatlg
942 _2ddc
_cBK
_n0
999 _c2414
_d2414